书目信息 |
| 题名: |
中国神话传说词典
|
|
| 作者: | 袁珂编著 | |
| 分册: | ||
| 出版信息: | 上海辞书出版社 1985.06 |
|
| 页数: | 540页 | |
| 开本: | 32开 | |
| 丛书名: | ||
| 单 册: | ||
| 中图分类: | I276.5-61 | |
| 科图分类: | ||
| 主题词: | 民间文学--中国 | |
| 电子资源: | ||
| ISBN: | 978-7-5502-1175-9 | |
| 000 | 00543nam0 2200181 45 | |
| 001 | 9911301546 | |
| 005 | 19991130154039.5 | |
| 010 | @a978-7-5502-1175-9@d6.90 | |
| 100 | @a19991130d1985 km y0chiy0120 ea | |
| 101 | @achi | |
| 105 | @a z 000yy | |
| 200 | 1 | @a中国神话传说词典@AZhong Guo Shen Hua Chuan Shuo Ci Dian@f袁珂编著@FYuan Ke Bian Zhu |
| 210 | @c上海辞书出版社@d1985.06 | |
| 215 | @a540页@c无图表@d32开 | |
| 606 | 0 | @a民间文学@x中国 |
| 690 | @aI276.5-61@v3 | |
| 801 | @aCN@bPerfectUser@c19991130 | |
| 905 | @aBZT@b22527@f1@dI276.5-61@e1 | |
| 中国神话传说词典/袁珂编著.-上海辞书出版社,1985.06 |
| 540页:无图表;32开 |
| ISBN 978-7-5502-1175-9:6.90 |
| ● |
| 相关链接 |
|
|
|
正题名:中国神话传说词典
索取号:I276.5-61/1
 
预约/预借
| 序号 | 登录号 | 条形码 | 馆藏地/架位号 | 状态 | 备注 |
| 1 | 22527 | 200725812 | 特藏书库/藏009架A面3层2列/ [索取号:I276.5-61/1] | 在馆 |